| 000 | 02445nam0a2200409 4500 | ||
|---|---|---|---|
| 001 | RU\NLR\bibl\1062964 | ||
| 005 | 20260407093442.0 | ||
| 010 |
_a978-5-482-01421-9 _93000 |
||
| 021 |
_aRU _b2007-7653 _9405 |
||
| 035 | _a(nilc)RSL-KNO-003038147 | ||
| 035 | _a(NLR Aleph) 001050229 | ||
| 090 |
_a873866 _c873866 |
||
| 100 | _a20070213d2007 |||y0rusy50 ca | ||
| 101 | 0 | _arus | |
| 102 | _aRU | ||
| 105 | _ay zzzz||||| | ||
| 106 | _ar | ||
| 200 | 1 |
_aКонституционное право России _eкурс лекций _f[С.И. Некрасов, к.ю.н., доц., Ю.Л. Шульженко, засл. юрист РФ, д.ю.н., проф., А.Н. Лебедев, к.ю.н., доц. и др.] _gрук. авт. коллектива и отв. ред. Ю. Л. Шульженко _gИн-т государства и права Российской Акад. Наук |
|
| 210 |
_aМосква _cПроспект _d2007 |
||
| 215 |
_a477 с. _d22 |
||
| 300 | _aАвт. указаны на обороте тит.л. | ||
| 320 | _aБиблиогр. в подстроч. прим. | ||
| 606 | 1 |
_aКонституционное право _jУчебные издания для высших учебных заведений _yРоссийская Федерация _92073864 _3RU\NLR\auth\661248813 |
|
| 610 | 0 | _aГосударство и право. Юридические науки -- Государственное (конституционное) право -- Российская Федерация -- Лекции для высшей школы | |
| 686 |
_aХ620я73-2 _2rubbk |
||
| 686 | _aХ620я73 | ||
| 701 | 1 |
_4070 _8rus _7ca _aНекрасов _bС. И. _cканд. юрид. наук _gСергей Иванович _3RU\NLR\auth\7734978 _917977 |
|
| 701 | 1 |
_4070 _8rus _7ca _aШульженко _bЮ.Л. _gЮрий Леонидович _3RU\NLR\auth\772091 _9112108 |
|
| 701 | 1 |
_4070 _8rus _7ca _aЛебедев _bА. Н. _cканд. юрид. наук _f1958- _gАлександр Николаевич _3RU\NLR\auth\7750924 _933858 |
|
| 702 | 1 |
_4340 _8rus _7ca _aШульженко _bЮ.Л. _gЮрий Леонидович _3RU\NLR\auth\772091 _9112108 |
|
| 712 | 0 | 2 |
_4570 _aИнститут государства и права _cМосква _3RU\NLR\AUTH\889917145 _9330457 |
| 801 | 0 |
_aRU _bРКП _c20070213 _grcr |
|
| 801 | 1 |
_aRU _bРГБ _c20070213 |
|
| 801 | 2 |
_aRU _bNLR _c20070322 _grcr |
|
| 942 | _cBOOK | ||
| 980 | _aNB | ||